| 000 | 00680cam a22001931 4500 | ||
|---|---|---|---|
| 082 |
_a526.9 _bRUB _cL-16, P-35 |
||
| 100 | 1 |
_aRubey, Harry, _939262 |
|
| 245 | 1 | 0 |
_aEngineering surveys: elementary, _cby Harry Rubey, George Edward Lommel [and] Marion Wesley Todd. |
| 250 | _a3d ed. | ||
| 260 |
_aNew York, _bMacmillan, _c1950. |
||
| 300 |
_axvii, 320, 141 p. _billus., maps (part fold.) _c21 cm. |
||
| 490 | 0 | _aEngineering science series. | |
| 500 | _a"Logarithmic and trigonometric tables": p. 1-131 (3d group.) | ||
| 526 |
_a0 _b0 _c0 _d526_900000000000000_RUB |
||
| 650 | 0 |
_aLogarithms. _939127 |
|
| 650 | 0 | _aSurveying. | |
| 650 | 0 |
_aTrigonometry _xMCE _939263 |
|
| 942 |
_2ddc _cBK |
||
| 999 |
_c543771 _d543771 |
||